Us-Staaten mit einer Karte - Statistiken

Allgemein
  • Dieses Quiz wurde 5.260 mal gespielt
  • Das Durchschnittsergebnis liegt bei 34 aus 50
Antworten auf der Karte
Die Antworten werden auf der Karte rot bzw. grün angezeigt, abhängig davon wie oft sie richtig erraten wurden.
 
Antwortstatistiken
Staat % Korrekt
Alaska
95%
New York
95%
Texas
95%
Florida
94%
Kalifornien
93%
Washington
92%
Hawaii
89%
Alabama
87%
New Mexico
81%
North Dakota
80%
South Dakota
80%
North Carolina
78%
Nevada
77%
Ohio
77%
South Carolina
77%
Arizona
74%
Mississippi
73%
Arkansas
70%
New Jersey
70%
Idaho
68%
Utah
68%
Virginia
68%
Colorado
67%
Kansas
66%
Maine
66%
Michigan
66%
West Virginia
66%
Illinois
65%
Kentucky
65%
Wyoming
64%
Georgia
63%
Oregon
62%
Indiana
61%
Montana
61%
Nebraska
60%
Pennsylvania
60%
Oklahoma
59%
Iowa
58%
Louisiana
57%
Minnesota
57%
Tennessee
57%
New Hampshire
56%
Rhode Island
56%
Delaware
54%
Massachusetts
54%
Wisconsin
54%
Connecticut
52%
Maryland
52%
Missouri
52%
Vermont
52%
Keine übereinstimmenden Quizze gefunden
Verteilung der Resultate
Anzahl Personen mit jedem Resultat
Perzentil nach korrekt beantworteten Fragen
Ihre Resultats-Entwicklung
Sie haben dieses Quiz noch nicht gespielt